Emergence of social and economic forces: (Record no. 142116)

MARC details
000 -LEADER
fixed length control field 00782nam a22002057a 4500
005 - DATE AND TIME OF LATEST TRANSACTION
control field 20240103151211.0
010 ## - LCCN (DPL NO)
LC control number ENG-118981 ENG-129826
020 ## - INTERNATIONAL STANDARD BOOK NUMBER
Terms of availability 495.00
International Standard Book Number 9788193252727
035 ## - SYSTEM CONTROL NUMBER
System control number EN-102513 EN-113359
037 ## - SOURCE OF ACQUISITION
Source of stock number/acquisition DBAD/PUB
082 ## - DEWEY DECIMAL CLASSIFICATION NUMBER
Classification number 954.166
100 ## - MAIN ENTRY--PERSONAL NAME
Personal name Hamingthanzuala, R.
245 ## - TITLE STATEMENT
Title Emergence of social and economic forces:
Remainder of title for the creation of pawi- lakher regional council
Statement of responsibility, etc By R. Hamingthanzuala ; dedicated by C. Kamliani 'L'
260 ## - PUBLICATION, DISTRIBUTION, ETC. (IMPRINT)
Place of publication, distribution, etc Guwahati
Name of publisher, distributor, etc Scientific Book Centre
Date of publication, distribution, etc 2015
270 ## - ADDRESS
Address Hengrabari Housing Road, Dispur
City Guwahati
Postal code 781006
300 ## - PHYSICAL DESCRIPTION
Extent xxxiii,174p.
Dimensions 22cm(Hb)
500 ## - GENERAL NOTE
General note includes bibliographical references and index
700 ## - ADDED ENTRY--PERSONAL NAME
Personal name C.Kamliani 'L'
9 (RLIN) 60607
942 ## - ADDED ENTRY ELEMENTS (KOHA)
Source of classification or shelving scheme Dewey Decimal Classification
Item type English Books
Classification part 954.166
Call number suffix HMI
Holdings
Withdrawn status Lost status Not for loan Collection code Home library Current library Date acquired Source of acquisition Cost, normal purchase price Full call number Barcode Copy number Cost, replacement price Koha item type
      Non-fiction Ashok Vihar Ashok Vihar 28/06/2017 DBAD/PUB 495.00 954.166 HMI EN-102513 1 495.00 English Books
      Non-fiction Sarojini Nagar Sarojini Nagar 06/09/2021 DBAD/PUB 495.00 954.166 HMI EN-113359 1 495.00 English Books

© Delhi Public Library
Hit Counter
free hit counter